000 00553nam a2200193 a 4500
001 17550
003 CO-ViMGA
008 141112s2004 ck r 000 u spa d
020 _a9802572128
040 _aCO-ViMGA
_bspa
_cCO-ViMGA
082 0 4 _aYUSm
100 1 _aJusayú, Miguel Ángel; Doppert, Monika
_924863
245 1 0 _aNi era vaca ni era caballo
260 _aCaracas (Venezuela),
_cEkare,
_c1998
300 _a46.p.
590 _aForma de adquisición : Premio - Mincultura
650 1 4 _aCUENTOS INFANTILES VENEZOLANOS
_91702
942 _2ddc
_cBK
999 _c27048
_d27048